1876 1788 1567 1401 1620 1305 1365 1513 1344 1091 1448 1912 1704 1788 1651 1210 1580 1672 1157 1949 1835 1611 1437 1737 1985 1792 1686 1018 1168 1252 1627 1345 1462 1354 1091 1397 1556 1125 1131 1775 1691 1547 1269 1766 1372 1256 1482 1205 1620 1563 1862 1637 1968 1411 1625 1214 1753 1692 1327 1460 1477 1697 1319 1903 1462 1650 1425 1742 1048 1491 1338 1990 1467 1113 1139 1492 1290 1575 1091 1547 1942 1878 1483 1759 1771 1206 1956 1200 1877 1215 1887 1632 1897 1786 1683 1542 1529 1992 1037 BCNSPRNW ULIB Ver.6.0+V

เปลี่ยนเป็นภาษาไทย

Change to English
 แสดงรายละเอียดบรรณานุกรม
  กลับหน้าหลัก

Brief Record : Get Marc (ISO 2709) : E-mail record : QR code < ปิดหน้าต่าง
LEADER : 00000nam 2200000uu 4500
001    13399109561
003     ULIB
008    110405s2005||||th 000 0 eng d
020    0781749875
060 04 WB330^bE92L 2005
100 1  Taylor, Carol
245 10 Lippincott s photo atlas of medication administration /^cCarol Taylor, Carol Lillis, Priscilla LeMone
260    Philadelphia :^bLippincott Williams & Wilkins,^cc2005
300    64 p. :^bcol. ill. ;^c28 cm.
504    Includes bibliographical references
650  2 Administration, Oral^vatlases
650  2 Administration, Oral^vnurses instruction
650  2 Pharmaceutical Preparations^xadministration & dosage^vatlases
650  2 Pharmaceutical Preparations^xadministration & dosage^vnurses instruction
650  2 Administration, Topical^vatlases
650  2 Administration, Topical^vnurses instruction
650  2 Injections^xmethods^vatlases
650  2 Injections^xmethods^vnurses instruction
700 1  Lillis, Carol
700 1  LeMone, Priscilla
945    ^p0^l0^i020383
995    Tossapron
999 ^a ใช้งานได้ทุกระบบ
รายการนี้ยังไม่มีแท็ก
คุณยังไม่ได้ล็อกอิน คุณสามารถมีกิจกรรมร่วมกับเว็บไซต์ได้ แต่ต้องล็อกอินก่อน ::
  ล็อกอิน

รายการสื่อสารสนเทศ

ลำดับที่ ประเภท เลขเรียก/บาร์โค้ด สถานที่ สถานะ
- ไม่พบข้อมูล -

รายการใกล้เคียง
    ผู้แต่ง [Taylor, Carol]

BibComment


ยังไม่เคยถูกคอมเมนท์

คอมเมนท์ทรัพยากรรายการนี้
  คอมเมนท์: Lippincott s phot..


 Copyright 2026. Bcnsprnw @Library